书目信息 |
| 题名: |
星载宽幅合成孔径雷达干涉测量
|
|
| 作者: | 蒋廷臣 著 | |
| 分册: | ||
| 出版信息: | 北京 测绘出版社 2015.11 |
|
| 页数: | 139页 | |
| 开本: | 24cm | |
| 丛书名: | ||
| 单 册: | ||
| 中图分类: | TN958 | |
| 科图分类: | ||
| 主题词: | 卫星载雷达--wei xing zai lei da--合成孔径雷达--干涉测量法 | |
| 电子资源: | ||
| ISBN: | 978-7-5030-3591-3 | |
| 000 | 01283nam0 2200265 450 | |
| 001 | 96477 | |
| 005 | 20250912192701.81 | |
| 010 | @a978-7-5030-3591-3@dCNY48.00 | |
| 100 | @a20160125d2015 em y0chiy50 ea | |
| 101 | 0 | @achi@eeng |
| 102 | @aCN@b110000 | |
| 105 | @aak a 000yy | |
| 106 | @ar | |
| 200 | 1 | @a星载宽幅合成孔径雷达干涉测量@Axing zai kuan fu he cheng kong jing lei da gan she ce liang@d= Spaceborne wide swath SAR interferometry@f蒋廷臣著@zeng |
| 210 | @a北京@c测绘出版社@d2015.11 | |
| 215 | @a139页@c图 (部分彩图)@d24cm | |
| 300 | @a测绘地理信息科技出版资金资助 | |
| 320 | @a有书目 (第129-136页) | |
| 330 | @a本书概要介绍了目前国外已经发射成功的主要SAR卫星的基本情况, 系统地叙述了星载宽幅合成孔径雷达的成像与干涉原理, 重点分析了星载宽幅合成孔径雷达图像拼接等关键技术, 阐述了其干涉去相干性和相关误差的影响规律与大小, 并对星载宽幅合成孔径雷达干涉测量的大气影响进行了初步研究。最后利用宽幅合成孔径雷达差分干涉测量, 对伊朗巴姆地震、汶川地震和于田地震进行了变形获取与分析研究, 获得了较好的结果。 | |
| 510 | 1 | @aSpaceborne wide swath SAR interferometry@zeng |
| 606 | 0 | @a卫星载雷达@Awei xing zai lei da@x合成孔径雷达@x干涉测量法 |
| 690 | @aTN958@v5 | |
| 701 | 0 | @a蒋廷臣@Ajiang ting chen@4著 |
| 801 | 0 | @aCN@c20250909 |
| 905 | @a河南城建学院图书馆@dTN958@eJ580 | |
| 星载宽幅合成孔径雷达干涉测量= Spaceborne wide swath SAR interferometry/蒋廷臣著.-北京:测绘出版社,2015.11 |
| 139页:图 (部分彩图);24cm |
| 测绘地理信息科技出版资金资助 |
| ISBN 978-7-5030-3591-3:CNY48.00 |
| 本书概要介绍了目前国外已经发射成功的主要SAR卫星的基本情况, 系统地叙述了星载宽幅合成孔径雷达的成像与干涉原理, 重点分析了星载宽幅合成孔径雷达图像拼接等关键技术, 阐述了其干涉去相干性和相关误差的影响规律与大小, 并对星载宽幅合成孔径雷达干涉测量的大气影响进行了初步研究。最后利用宽幅合成孔径雷达差分干涉测量, 对伊朗巴姆地震、汶川地震和于田地震进行了变形获取与分析研究, 获得了较好的结果。 |
| ● |
| 相关链接 |
|
|
|
正题名:星载宽幅合成孔径雷达干涉测量
索取号:TN958/J580
 
预约/预借
| 序号 | 登录号 | 条形码 | 馆藏地/架位号 | 状态 | 备注 |
| 1 | 1630989 | 216309894 | 自科库301/301自科库 100排9列5层/ [索取号:TN958/J580] | 在馆 |